[Event "GHA-ch"]
[Site "Accra"]
[Date "2016.05.08"]
[Round "9"]
[White "Nunoo, Billy"]
[Black "Okaitei, Christopher"]
[Result "1/2-1/2"]
[WhiteElo "1490"]
[BlackElo "1465"]
[PlyCount "88"]
[EventDate "2016.04.28"]
[EventType "tourn"]
[EventRounds "9"]
[EventCountry "GHA"]
[SourceTitle "EXT 2017"]
[Source "ChessBase"]
[SourceDate "2016.10.25"]
[SourceVersion "1"]
[SourceVersionDate "2016.10.25"]
[SourceQuality "1"]

1. d4 d5 2. c4 e6 3. Nf3 Nf6 4. Nc3 Nc6 5. e3 Be7 6. Bd3 0-0 7. 0-0 h6 8. a3 Bd7 9. Re1 b6 10. cxd5 exd5 11. e4 dxe4 12. Bxe4 Nxe4 13. Rxe4 f5 14. Re2 Bd6 15. Qe1 Re8 16. b4 Rxe2 17. Qxe2 Qe8 18. Qxe8+ Rxe8 19. d5 Nd4 20. Bd2 Nxf3+ 21. gxf3 Kf7 22. f4 a6 23. Be3 g6 24. Kg2 Bc8 25. Kg1 b5 26. Rd1 Bb7 27. Rd3 Rd8 28. Rd1 c6 29. dxc6 Bxc6 30. Kf1 Bf3 31. Rd3 Bc6 32. Ke2 Rd7 33. Rd1 Ke6 34. Rg1 Rg7 35. Kd2 Rg8 36. Ke2 Kf7 37. Rd1 Rd8 38. Bc5 Ke6 39. Be3 Rd7 40. Rg1 Kf7 41. Rd1 Ke6 42. Rg1 Kf6 43. Bd4+ Kf7 44. Be3 Be7 1/2-1/2

[Event "GHA-ch"]
[Site "Accra"]
[Date "2016.04.30"]
[Round "4"]
[White "Attah, Elikem Kofi"]
[Black "Nunoo, Billy"]
[Result "1-0"]
[WhiteElo "1745"]
[BlackElo "1490"]
[PlyCount "91"]
[EventDate "2016.04.28"]
[EventType "tourn"]
[EventRounds "9"]
[EventCountry "GHA"]
[SourceTitle "EXT 2017"]
[Source "ChessBase"]
[SourceDate "2016.10.25"]
[SourceVersion "1"]
[SourceVersionDate "2016.10.25"]
[SourceQuality "1"]

1. d4 d5 2. Nf3 Nc6 3. e3 a6 4. c4 e6 5. Nc3 Bb4 6. a3 Bxc3+ 7. bxc3 h6 8. cxd5 exd5 9. c4 Nf6 10. Bd3 Be6 11. Qb3 dxc4 12. Bxc4 Bxc4 13. Qxc4 0-0 14. 0-0 Qd7 15. Bb2 b5 16. Qd3 Rfe8 17. Rfc1 Qd6 18. Rc2 Na5 19. a4 Nc4 20. Ba3 Qd7 21. Bc5 c6 22. Nd2 Nxd2 23. Qxd2 Qd5 24. f3 Qd7 25. e4 Rac8 26. Qf4 Qb7 27. g4 Re6 28. a5 Nd7 29. Bd6 Nf6 30. g5 Nh5 31. gxh6 Rf6 32. Qe5 Rxh6 33. Rg2 g6 34. Kf2 Qd7 35. Rag1 Qe6 36. Qxe6 fxe6 37. Rxg6+ Rxg6 38. Rxg6+ Kf7 39. Rh6 Nf6 40. e5 Nd5 41. Rh7+ Kg6 42. Ra7 Rh8 43. Kg3 Kf5 44. h4 Rg8+ 45. Kf2 Kf4 46. Rf7+ 1-0